Kieler Kurzberichte (Record no. 5728)

MARC details
000 -LEADER
fixed length control field 00536nas a22001937i 4500
001 - CONTROL NUMBER
control field 6040
003 - CONTROL NUMBER IDENTIFIER
control field OSt
005 - DATE AND TIME OF LATEST TRANSACTION
control field 20170216211005.0
007 - PHYSICAL DESCRIPTION FIXED FIELD--GENERAL INFORMATION
fixed length control field tu
008 - FIXED-LENGTH DATA ELEMENTS--GENERAL INFORMATION
fixed length control field 161220s xxu||||| |||| 00| 0 d
022 ## - INTERNATIONAL STANDARD SERIAL NUMBER
International Standard Serial Number 0173-5241
024 7# - OTHER STANDARD IDENTIFIER
Standard number or code 6040
Source of number or code RID
024 7# - OTHER STANDARD IDENTIFIER
Standard number or code 6040
Source of number or code RSN (alt)
040 ## - CATALOGING SOURCE
Transcribing agency OSt
110 2# - MAIN ENTRY--CORPORATE NAME
Corporate name or jurisdiction name as entry element Institut für Weltwirtschaft an der Universität Kiel
245 00 - TITLE STATEMENT
Title Kieler Kurzberichte
Remainder of title aus dem Institut für Weltwirtschaft
260 ## - PUBLICATION, DISTRIBUTION, ETC.
Place of publication, distribution, etc. Kiel :
Name of publisher, distributor, etc. Institut für Weltwirtschaft.
866 #0 - TEXTUAL HOLDINGS--BASIC BIBLIOGRAPHIC UNIT
-- laufender und vorheriger Jahrgang vorhanden
942 ## - ADDED ENTRY ELEMENTS (KOHA)
Koha item type Paper
Holdings
Withdrawn status Lost status Damaged status Not for loan Home library Current library Shelving location Date acquired Inventory number Total Checkouts Barcode Date last seen Price effective from Koha item type
        WIIW WIIW Library 08/04/2004 6040   10001498 01/26/2017 01/26/2017 Paper
The Vienna Instiute for International Economic Studies (wiiw)